Los siete saberes necesarios para la educación del futuro /
| Autor principal: | |
|---|---|
| Format: | Llibre |
| Idioma: | espanyol |
| Publicat: |
México :
UNESCO,
1999
|
| Matèries: |
MARC
| LEADER | 00000nam a2200000Ia 4500 | ||
|---|---|---|---|
| 008 | 161005b1999 mx ||||| |||| 00| | spa d | ||
| 020 | |a 9687474076 | ||
| 090 | |a 06.02.01 |b 1142 | ||
| 100 | 1 | |a Morin, Edgar |9 912 | |
| 245 | 1 | 4 | |a Los siete saberes necesarios para la educación del futuro / |c Edgar Morin |
| 260 | |a México : |b UNESCO, |c 1999 | ||
| 300 | |a 108 páginas | ||
| 650 | 1 | 4 | |a ENSEÑANZA |9 14 |
| 650 | 1 | 4 | |a CONOCIMIENTO |9 42 |
| 650 | 1 | 4 | |a EDUCACIÓN |9 1 |
| 650 | 1 | 4 | |a DEMOCRACIA |9 589 |
| 650 | 1 | 4 | |a ÉTICA |9 563 |
| 942 | |i 001851 |h 06.02.01 1142 |2 z |c 01 | ||
| 999 | |c 408 |d 408 | ||
